00338nam a2200133Ia 4500003000400000005001700004008004100021040000900062082001500071100002000086245005200106260003800158300000800196OSt20200706132433.0190216s9999||||xx |||||||||||||| ||und|| coclc a912bLON/N aLongman, Orient 4aThe New Tajmahal Atlas of Comparitive Geography bOrient Longman,c1983.aHyderbad: a64p